STV začala odznova

1. 1. 2004 spustila STV nový program spolu s novým vizuálom. Komunikačná stratégia.

Uložené v:
Podrobná bibliografia
Hlavný autor: Šimlovičová, Ivana
Médium: Kapitola
Jazyk:Slovak
Predmet:
Tagy: Pridať tag
Žiadne tagy, Buďte prvý, kto otaguje tento záznam!

MARC

LEADER 00000naa$a2200000$$$4500
001 0018288
005 20231004064717.8
041 0 |a slo 
044 |a SK 
245 1 0 |a STV začala odznova  |c aut. Ivana Šimlovičová 
520 |a 1. 1. 2004 spustila STV nový program spolu s novým vizuálom. Komunikačná stratégia. 
610 2 0 |a Slovensko 
610 2 0 |a televízia 
610 2 0 |a 2004 
100 1 |a Šimlovičová, Ivana